Vainqueurs Grand Prix F1 2024 - Statistiques

Statistiques générales
  • Ce quiz a été pris 97 fois
  • Le résultat moyen est 19 sur 24
Statistiques - réponses
Grand Prix Réponse % Correct
BAHREIN Max Verstappen
99%
ARABIE SAOUDITE Max Verstappen
98%
JAPON Max Verstappen
89%
EMILIE-ROMAGNE Max Verstappen
88%
CANADA Max Verstappen
88%
MIAMI Lando Norris
86%
CHINE Max Verstappen
86%
MONACO Charles Leclerc
85%
PAYS-BAS Lando Norris
85%
GRANDE-BRETAGNE Lewis Hamilton
85%
ESPAGNE Max Verstappen
85%
BRESIL Max Verstappen
83%
ABOU DABI Lando Norris
81%
QATAR Max Verstappen
81%
HONGRIE Oscar Piastri
81%
ITALIE Charles Leclerc
80%
AUTRICHE George Russel
80%
AZERBAIDJAN Oscar Piastri
80%
SINGAPOUR Lando Norris
79%
BELGIQUE Lewis Hamilton
79%
LAS VEGAS George Russel
78%
ETATS UNIS Charles Leclerc
75%
AUSTRALIE Carlos Sainz.Jr
30%
MEXIQUE Carlos Sainz.Jr
30%
Aucun quiz correspondant
Distribution des résultats
% des personnes avec chaque résultat
Percentile par nombre de réponses
Votre historique - résultats
Vous n’avez pas pris ce quiz